西鉄貝塚線全駅 - Statistics

General Stats
  • This quiz has been taken 33 times
  • The average score is 8 of 10
Answer Stats
Hint Answer % Correct
NK01 貝塚
100%
NK05 西鉄香椎
91%
NK10 西鉄新宮
88%
NK08 和白
84%
NK03 西鉄千早
81%
NK04 香椎宮前
78%
NK02 名島
72%
NK09 三苫
72%
NK06 香椎花園前
66%
NK07 唐の原
53%
No matching quizzes found
Score Distribution
Percent of People with Each Score
Percentile by Number Answered
Your Score History
You have not taken this quiz